=LDR 00000nam 2200000 4500 =001 INLIS000000000032181 =005 20130612134211 =008 ***********************************ind** =035 ##$$0010-061300000032181 =041 ##$$a ind =082 ##$$a 495.631 =090 ##$$a 495.631, Kam k =245 ##$$a Kamus Lengkap, Jepang - Indonesia, Indonesia - Jepang, Tim Kashiko =260 ##$$a 2004 $b Surabaya =300 ##$$a 767 hlm, 24 cm =650 ##$$a Bahasa Jepang - Indonesia - Kamus =700 ##$$a Kashiko, Tim =850 ##$$a NBPNMAT